| 000 | 02100nam0a2200421 4500 | ||
|---|---|---|---|
| 001 | RU\NLR\bibl\1795494 | ||
| 005 | 20260409075217.0 | ||
| 010 |
_a978-5-88526-526-3 _9500 |
||
| 021 |
_aRU _b2011-51102 _93649 |
||
| 035 | _a(NLR Aleph) 001786181 | ||
| 035 | _a(nilc)RSL-KNO-004970093 | ||
| 090 |
_a1728572 _c1728572 |
||
| 100 | _a20110704d2011 u y0rusy50 ca | ||
| 101 | 0 | _arus | |
| 102 | _aRU | ||
| 105 | _ay ||||||||| | ||
| 200 | 1 |
_aФункционально-коммуникативные и лингвокультурологические аспекты изучения текста и дискурса _eсборник научных трудов _f[редкол.: Е. А. Попова (отв. ред.) и др.] |
|
| 210 |
_aЛипецк _cЛГПУ _d2011 |
||
| 215 |
_a245 с. _cтабл. _d21 |
||
| 300 | _aВ надзаг.: М-во образования и науки Российской Федерации, Гос. образовательное учреждение высш. проф. образования "Липецкий гос. пед. ун-т" | ||
| 320 | _aБиблиогр. в конце ст. | ||
| 606 |
_aТекст (лингв.) _jСборники _3RU\NLR\auth\661077073 _91745069 |
||
| 606 |
_aДискурс (лингв.) _jСборники _3RU\NLR\auth\661418476 _92377099 |
||
| 610 | 0 | _aрусская литература | |
| 610 | 0 | _aязык художественной литературы | |
| 686 |
_aШ5(2=Р)-357я43 _2rubbk |
||
| 686 | _aШ102.23я43 | ||
| 686 | _aШ100.0я43 | ||
| 702 | 1 |
_4340 _8rus _7ca _aПопова _bЕ. А. _cд-р филол. наук _gЕлена Александровна _3RU\NLR\auth\7735162 _918160 |
|
| 712 | 0 | 2 |
_4570 _aЛипецкий государственный педагогический университет им. П. П. Семенова-Тян-Шанского _3RU\NLR\AUTH\8810044317 _9588070 |
| 801 | 0 |
_aRU _bRuMoRKP _c20110704 _grcr |
|
| 801 | 1 |
_aRU _bРГБ _c20110704 |
|
| 801 | 2 |
_aRU _bNLR _c20110804 _grcr |
|
| 942 | _cBOOK | ||
| 980 | _aNB | ||
| 980 | _aNBR | ||